Modern Indie Music - Statistics

General Stats
  • This quiz has been taken 116 times
  • The average score is 4 of 10
Answer Stats
Hint Answer % Correct
He would really like you to take him to church Hozier
89%
This songwriter has emotional motion sickness Phoebe Bridgers
78%
His love interest is "the closest thing to Michelle Pfieffer that you've ever seen" Vance Joy
55%
"Pretty Girl" writer who believes every second counts Clairo
42%
A calmed, African antelope Tame Impala
35%
A key command that produces the Delta symbol (∆) on a keyboard alt-J
33%
Wisconsin born songwriter, with 2 Grammy's and a French-derived name Bon Iver
16%
Sometimes she sits and thinks, sometimes she just sits Courtney Barnett
11%
This 3-piece, jam band's name translates to 'airplane', in Thai Khruangbin
9%
At a humble 5'6", this 'Dylan-esque' Swede is not a world record breaker The Tallest Man on Earth
7%
No matching quizzes found
Score Distribution
Percent of People with Each Score
Percentile by Number Answered
Your Score History
You have not taken this quiz